Social work. (Record no. 8355)
[ view plain ]
| 000 -LEADER | |
|---|---|
| fixed length control field | 00561cam2a220021700 4500 |
| 001 - CONTROL NUMBER | |
| control field | zam00002459 |
| 008 - FIXED-LENGTH DATA ELEMENTS--GENERAL INFORMATION | |
| fixed length control field | 951128s1973 xx eng u |
| 035 ## - SYSTEM CONTROL NUMBER | |
| System control number | (Sirsi) r19818 |
| 035 ## - SYSTEM CONTROL NUMBER | |
| System control number | (MACHINE)SLC. |
| 100 ## - MAIN ENTRY--PERSONAL NAME | |
| Personal name | Richan, W. C. |
| Linkage | A80853.1 |
| 245 10 - TITLE STATEMENT | |
| Title | Social work. |
| 260 ## - PUBLICATION, DISTRIBUTION, ETC. | |
| Date of publication, distribution, etc. | 1973. |
| 591 ## - | |
| -- | Class code: SW 230. |
| 591 ## - | |
| -- | Course: Social work methods. |
| 591 ## - | |
| -- | School: S05. |
| 591 ## - | |
| -- | Lecturer: Mr. CHAMA, W. |
| 591 ## - | |
| -- | Number of Students: 16. |
| 949 ## - LOCAL PROCESSING INFORMATION (OCLC) | |
| a | HM10.5 |
| w | lcc |
| m | MAIN |
| t | BOOK |
| l | ON-SHELF |
| 909 ## - | |
| -- | Book |
| Withdrawn status | Lost status | Source of classification or shelving scheme | Damaged status | Not for loan | Home library | Current library | Shelving location | Total Checkouts | Full call number | Barcode | Date last seen | Copy number | Price effective from | Koha item type |
|---|---|---|---|---|---|---|---|---|---|---|---|---|---|---|
| Library of Congress Classification | Main Library | Main Library | On Shelf | HM10.5 | 33729002117849 | 08/12/2019 | 1 | 08/12/2019 | Short Loan material |